LEADER 02320oam 2200709K 450 001 9910714620103321 005 20180924044947.1 024 8 $aGOVPUB-C13-ac800e6f0fe9b8d82fffdaebc9658353 035 $a(CKB)4330000001257914 035 $a(OCoLC)681977591$z(OCoLC)624412191$z(OCoLC)899969056 035 $a(OCoLC)994330000001257914 035 $a(EXLCZ)994330000001257914 100 $a20101117d1977 ua 0 101 0 $aeng 135 $aurbn||||||abp 135 $aurbn||||||ada 181 $ctxt$2rdacontent 182 $cc$2rdamedia 183 $acr$2rdacarrier 200 10$aCombustion of mattresses exposed to flaming ignition sources /$fVytenis Babrauskas 210 1$a[Washington] :$cDept. of Commerce, National Bureau of Standards, Institute for Applied Technology, Center for Fire Research,$d1977. 215 $a1 online resource (v) $cillustrations, diagrams, graphs 225 1 $aNBSIR ;$v77-1290 300 $aContributed record: Metadata reviewed, not verified. Some fields updated by batch processes. 320 $aIncludes bibliographical references (pages 36-41). 327 $apt. 1. Full-scale tests and hazard analysis. 606 $aMattresses 606 $aCombustion 606 $aFlame 606 $aFire testing 606 $aCombustion$2fast 606 $aFire testing$2fast 606 $aFlame$2fast 606 $aMattresses$2fast 615 0$aMattresses. 615 0$aCombustion. 615 0$aFlame. 615 0$aFire testing. 615 7$aCombustion. 615 7$aFire testing. 615 7$aFlame. 615 7$aMattresses. 700 $aBabrauskas$b Vytenis$016230 712 02$aCenter for Fire Research (U.S.) 712 02$aUnited States.$bDepartment of Health, Education, and Welfare. 712 02$aUnited States.$bVeterans Administration. 712 02$aUnited States.$bDepartment of Defense. 712 02$aU.S. Consumer Product Safety Commission. 801 0$bOCLCE 801 1$bOCLCE 801 2$bOCLCQ 801 2$bOCLCO 801 2$bOCLCA 801 2$bOCLCF 801 2$bOCLCQ 801 2$bOCLCA 801 2$bOCLCQ 801 2$bOCLCA 906 $aBOOK 912 $a9910714620103321 996 $aCombustion of mattresses exposed to flaming ignition sources$93509571 997 $aUNINA